LIBRARY & INFORMATION CENTRE, KCAET, TAVANUR

ONLINE PUBLIC ACCESS CATALOGUE (OPAC)

Sancharangal Indiayilum purathum / (Record no. 4709)

MARC details
000 -LEADER
fixed length control field 00461cam a2200181ua 4500
041 ## - LANGUAGE CODE
Language code of text/sound track or separate title mal
082 ## - DEWEY DECIMAL CLASSIFICATION NUMBER
Classification number 894.812 803 55
Item number MAD/SA
100 ## - MAIN ENTRY--AUTHOR NAME
Personal name Madhava Menon, B .
245 ## - TITLE STATEMENT
Title Sancharangal Indiayilum purathum /
260 ## - PUBLICATION, DISTRIBUTION, ETC. (IMPRINT)
Place of publication Eranakulam :
Name of publisher C I C C Book House ,
Year of publication 1966.
300 ## - PHYSICAL DESCRIPTION
Number of Pages 308 ; .
942 ## - ADDED ENTRY ELEMENTS (KOHA)
Koha item type Books
Holdings
Withdrawn status Lost status Damaged status Home library Current library Date acquired Full call number Accession Number Koha item type Public note
Withdrawn     KAUAET Malayalam University 07/04/2012 894.812 803 55 8910 Books Transferred to Malayalam University
Withdrawn     KAUAET Malayalam University 07/04/2012 894.812 803 55 8747 Books Transferred to Malayalam University
free website counter